Финансовые рынки учебно-методический комплекс
Представлен лекционный курс по основным разделам дисциплины, включающий материалы о структуре и особенностях финансовых рынков, основных финансовых инструментах и уровне развития рынков, критериях эффективности инвестиционных финансовых вложений, методах управления и способах снижения финансовых рис...
Salvato in:
| Autore principale: | |
|---|---|
| Natura: | Книга |
| Soggetti: | |
| Accesso online: | Перейти к просмотру издания |
| Tags: |
Aggiungi Tag
Nessun Tag, puoi essere il primo ad aggiungerne! !
|
| LEADER | 02974nam0a2200373 4500 | ||
|---|---|---|---|
| 001 | RU/IPR SMART/72213 | ||
| 856 | 4 | |u https://www.iprbookshop.ru/72213.html |z Перейти к просмотру издания | |
| 801 | 1 | |a RU |b IPR SMART |c 20250903 |g RCR | |
| 010 | |a 978-5-86889-676-7 | ||
| 205 | |a Финансовые рынки |b Весь срок охраны авторского права | ||
| 333 | |a Весь срок охраны авторского права | ||
| 100 | |a 20250903d2014 k y0rusy01020304ca | ||
| 105 | |a y j 000zy | ||
| 101 | 0 | |a rus | |
| 102 | |a RU | ||
| 200 | 1 | |a Финансовые рынки |e учебно-методический комплекс |f А. Г. Буймов, В. Ю. Цибульникова | |
| 700 | 1 | |a Буймов, |b А. Г. |4 070 | |
| 701 | 1 | |a Цибульникова, |b В. Ю. |4 070 | |
| 330 | |a Представлен лекционный курс по основным разделам дисциплины, включающий материалы о структуре и особенностях финансовых рынков, основных финансовых инструментах и уровне развития рынков, критериях эффективности инвестиционных финансовых вложений, методах управления и способах снижения финансовых рисков. Содержит методические указания по проведению практических занятий с использованием интерактивных методов обучения, рекомендации по организации самостоятельной работы студента. Представлено множество примеров решения задач для повышения уровня усвоения теоретического материала, оцениваемого посредством тестовых заданий по разделам дисциплины. Для студентов экономических специальностей вузов всех форм обучения, а также руководителей и менеджеров предприятий. | ||
| 210 | |a Томск |c Томский государственный университет систем управления и радиоэлектроники |d 2014 | ||
| 610 | 1 | |a финансы | |
| 610 | 1 | |a рынок | |
| 610 | 1 | |a экономика | |
| 610 | 1 | |a инструмент | |
| 610 | 1 | |a инвестиция | |
| 675 | |a 336 | ||
| 686 | |a 65.26 |2 rubbk | ||
| 300 | |a Книга находится в премиум-версии IPR SMART. | ||
| 106 | |a s | ||
| 230 | |a Электрон. дан. (1 файл) | ||
| 336 | |a Текст | ||
| 337 | |a электронный | ||
| 503 | 0 | |a Доступна эл. версия. IPR SMART | |
| 215 | |a 396 с. | ||